000 00798nam a22002417a 4500
005 20250114111910.0
010 _aENG-143335
020 _c235.00
_a9789380316741
035 _aEN-126867
037 _bDBAD
082 _a615.19
100 _aTripathi, Rati K.P.
_976514
245 _aThe Essentials Of Pharmaceutical Inorganic Chemistry/
_cBy Rati K.P. Tripathi; Pradeep Singh [and] Garima Mishra
250 _a1
260 _aDelhi
_bAhuja Publishing House
_c2019
270 _aC-8/124, B Lawrence Road
_bDelhi
_e110035
300 _a198p. :
_c23cm(pb)
650 _aMedicinal plants
_zIndia
_976515
650 _aHerbs--Therapeutic use
_976516
700 _aSingh, Pradeep
_eAuthor
_976517
700 _aMishra, Garima
_eAuthor
_976518
942 _2ddc
_cEN
_h615.19
_mTRI
999 _c208458
_d208458